The X-ray : (Record no. 114388)
[ view plain ]
| 000 -LEADER | |
|---|---|
| fixed length control field | 00341nam a2200121 a 4500 |
| 005 - DATE AND TIME OF LATEST TRANSACTION | |
| control field | 20140414132058.0 |
| 008 - FIXED-LENGTH DATA ELEMENTS--GENERAL INFORMATION | |
| fixed length control field | 110805s19uu xx 00 eng d |
| 050 ## - LIBRARY OF CONGRESS CALL NUMBER | |
| Classification number | M 600 |
| Item number | T84 1995 |
| 100 ## - MAIN ENTRY--PERSONAL NAME | |
| Personal name | Turvey, Peter |
| 245 ## - TITLE STATEMENT | |
| Title | The X-ray : |
| Remainder of title | Picture book of everyday things & how they work. |
| 260 ## - PUBLICATION, DISTRIBUTION, ETC. (IMPRINT) | |
| Place of publication, distribution, etc | London : |
| Name of publisher, distributor, etc | Watts, |
| Date of publication, distribution, etc | 1995. |
| Withdrawn status | Lost status | Damaged status | Home library | Current library | Shelving location | Date acquired | Source of acquisition | Total Checkouts | Full call number | Barcode | Date last seen | Price effective from | Koha item type |
|---|---|---|---|---|---|---|---|---|---|---|---|---|---|
| Munich Library | Munich Library | Main Section | 08/05/2011 | M 600 T84 1995 | M6203 | 04/14/2014 | 04/14/2014 | Books |